Random U.S. Cities on the Map - Statistics

General Stats
  • This quiz has been taken 974 times
  • The average score is 13 of 15
Answers on the Map
Answers color-coded by a green-red scale on the quiz's map according to % correct below.
 
Answer Stats
Cities % Correct
San Diego
100%
Seattle
100%
Atlanta
97%
Dallas
97%
Phoenix
97%
Miami
96%
Sacramento
96%
Honolulu
94%
Orlando
94%
San Francisco
94%
Denver
93%
Las Vegas
93%
Boston
92%
Chicago
92%
Detroit
92%
El Paso
92%
Los Angeles
92%
Nashville
92%
New Orleans
92%
Anchorage
91%
Austin
91%
Cleveland
91%
Houston
91%
Salt Lake City
91%
Baltimore
90%
Portland
90%
Albuquerque
89%
Boise
89%
Minneapolis
89%
Juneau
88%
Oklahoma City
88%
Washington DC
88%
Albany
87%
Pittsburgh
87%
Columbus
86%
Indianapolis
86%
Jacksonville
85%
Des Moines
84%
Memphis
83%
New York
83%
Tampa
83%
Charlotte
82%
Philadelphia
82%
San Antonio
81%
Cincinnati
79%
Buffalo
78%
Jackson
78%
Milwaukee
77%
Baton Rouge
73%
Olympia
73%
Richmond
73%
Tucson
73%
Charleston
72%
Birmingham
71%
Tulsa
71%
Billings
70%
Helena
69%
Norfolk
68%
Omaha
68%
St. Louis
68%
Fairbanks
65%
Fargo
63%
Montgomery
63%
Wichita
61%
Casper
47%
No matching quizzes found
Score Distribution
Percent of People with Each Score
Percentile by Number Answered
Your Score History
You have not taken this quiz